01006nam a2200301 4500003000400000005001700004008004100021020001400062040001800076041000800094050002200102100005100124245007400175250005700249264002800306300001800334336002200352337002400374338002400398650004100422650002900463650004200492650005400534700004000588700004400628942001500672999001700687OSt20260530115302.0260506b1965 US ||||| |||| 00| 0 eng d a070416575 aICIbSPAcICI aeng aZ679.5 bM47 19651 aMetcalf, Keyes De Witt d1889-,e autor93136810a Planning academic and research library buildings /cKeyes d. Metcalf a 2 # ed. /bBy philip d. leighton and david c. weber 1a Chicago : bALA,c1965 a431 páginas atexto2rdacontent asin medio2rdamedia avolumen2rdacarrier aPlanificación bibliotecaria931369 aBibliotecas académicas aBibliotecas de investigación931371 aBibliotecas |x Aprovechamiento de espacios931372 aLeighton, Philip D.e editor931373 aWeber, David C.d1924- e editor931374 2lcccBKn1 c12900d12900